Development of computerised management information system modules for the School of Postgraduate Management Studies /
Saved in:
| Main Author: | |
|---|---|
| Format: | Thesis Book |
| Language: | English |
| Published: |
1987
|
| Subjects: | |
| Tags: |
Add Tag
No Tags, Be the first to tag this record!
|
| LEADER | 00985cam a2200277 4500 | ||
|---|---|---|---|
| 001 | u82567 | ||
| 003 | SIRSI | ||
| 008 | 890118s1987 si v 0 eng | ||
| 015 | |a X880083880 | ||
| 035 | |a AAI-9801 | ||
| 040 | |a UMM | ||
| 050 | 1 | |a QA76.9.D3 | |
| 090 | |a QA76.9 |b D3Jud | ||
| 100 | 1 | 0 | |a Judah, Howard Benjamin |
| 245 | 1 | 0 | |a Development of computerised management information system modules for the School of Postgraduate Management Studies / |c by Howard Benjamin Judah |
| 260 | |c 1987 | ||
| 300 | |a 2v. ; |c 30cm | ||
| 500 | |a Photocopy | ||
| 502 | |a Dissertation (M.B.A.) -- National University of Singapore, 1987 | ||
| 504 | |a Bibliography: leaves 158-159 | ||
| 650 | 0 | |a Database management |x Computer programs. | |
| 630 | 0 | 0 | |a dBASE III (Computer file) |
| 948 | |a 17/03/1991 |b 28/08/2002 | ||
| 596 | |a 1 | ||
| 999 | |a QA76.9 D3JUD 2 |w LC |c 1 |i A010523285 |l STACKS |m P01UTAMA |r Y |s Y |t TESIS |u 21/1/1992 | ||
| 999 | |a QA76.9 D3JUD VOL.1 |w LC |c 1 |i A010523276 |l STACKS |m P01UTAMA |r Y |s Y |t TESIS |u 8/6/1992 | ||
